000
00328nam a2200121Ia 4500
008
241028s9999 xx 000 0 und d
041
_a
eng
082
_a
823 NAR
100
_a
Narayanan, Sharada
245
_a
Tirumurai Glimpses in to Tamil Saiva Poetry
260
_b
Ambika Aksharavali
_a
Chennai
_c
2021
300
_a
358;. P. 24 cm
999
_c
43100
_d
43100